000 01218nam a2200361 i 4500
001 24709
003 KOSZ 005
005 20210317122603.0
008 s1996 xxk f |001 0 eng d
020 _a0521449944
040 _aKOSZ 005
_cKOSZ 005
_dKOSZ 005/AR
041 _aen
080 _a811.111
080 _a(07)
100 1 _aUr, Penny
_eAutor
245 1 0 _aA course in language teaching :
_bpractice and theory /
_cPenny Ur.
260 _aCambridge :
_bCambridge University Press,
_c1996.
300 _aXIII, 375 stron :
_bilustracje ;
_c25 cm.
336 _aTekst
_btxt
337 _aBez urządzenia pośredniczącego
_bn
_2rdamedia
338 _aWolumin
_bnc
_2rdacarrier
380 _aKsiążki
388 _a1901-2000
490 1 _aCambridge Teacher Training and Development
504 _aBibliografia na stronach 360-366. Indeks.
650 9 _aJęzyk angielski
655 _aPodręcznik
658 _aJęzykoznawstwo
710 _aCambridge University Press
830 0 _aCambridge Teacher Training and Development
856 _uhttp://koha.tu.koszalin.pl/cgi-bin/koha/opac-detail.pl?biblionumber=24709
_yKatalog online BPK
942 _cKS
_2UKD
999 _c24709
_d24709